<?xml version="1.0" encoding="UTF-8"?>
<collection xmlns="http://www.loc.gov/MARC21/slim">
<record>
  <controlfield tag="001">7232</controlfield>
  <controlfield tag="005">20250106092503.0</controlfield>
  <datafield tag="100" ind1=" " ind2=" ">
    <subfield code="a">Van Noten, Koen</subfield>
  </datafield>
  <datafield tag="245" ind1=" " ind2=" ">
    <subfield code="a">A new book in historical seismology published by the Observatory!</subfield>
  </datafield>
  <datafield tag="260" ind1=" " ind2=" ">
    <subfield code="c">2024</subfield>
  </datafield>
  <datafield tag="269" ind1=" " ind2=" ">
    <subfield code="c">2024-12-17</subfield>
  </datafield>
  <datafield tag="520" ind1=" " ind2=" ">
    <subfield code="a">In 2024, the Royal Observatory of Belgium (ROB) published a new book in historical seismology, written by Pierre Alexandre and Dominique Alexandre-Lamotte. In this work 2,489 critical sources and a catalogue containing 1,507 earthquakes that took place in the Middle Age and Renaissance are presented. The book is free to download. Prints can be ordered.</subfield>
  </datafield>
  <datafield tag="536" ind1=" " ind2=" ">
    <subfield code="a">Royal Observatory of Belgium/</subfield>
    <subfield code="c">Royal Observatory of Belgium/</subfield>
    <subfield code="f">Royal Observatory of Belgium</subfield>
  </datafield>
  <datafield tag="594" ind1=" " ind2=" ">
    <subfield code="a">NO</subfield>
  </datafield>
  <datafield tag="653" ind1="1" ind2=" ">
    <subfield code="a">https://www.astro.oma.be/en/a-new-book-in-historical-seismology-published-by-the-observatory/</subfield>
  </datafield>
  <datafield tag="700" ind1=" " ind2=" ">
    <subfield code="a">Alexandre, Pierre</subfield>
  </datafield>
  <datafield tag="856" ind1="0" ind2=" ">
    <subfield code="f">koen.vannoten@ksb-orb.be</subfield>
  </datafield>
  <datafield tag="856" ind1="4" ind2=" ">
    <subfield code="s">76006</subfield>
    <subfield code="u">http://publi2-as.oma.be/record/7232/files/V1-1.jpg</subfield>
  </datafield>
  <datafield tag="856" ind1="4" ind2=" ">
    <subfield code="s">13552</subfield>
    <subfield code="u">http://publi2-as.oma.be/record/7232/files/V1-1.gif?subformat=icon</subfield>
    <subfield code="x">icon</subfield>
  </datafield>
  <datafield tag="856" ind1="4" ind2=" ">
    <subfield code="s">8632</subfield>
    <subfield code="u">http://publi2-as.oma.be/record/7232/files/V1-1.jpg?subformat=icon-180</subfield>
    <subfield code="x">icon-180</subfield>
  </datafield>
  <datafield tag="980" ind1=" " ind2=" ">
    <subfield code="a">PRESSREL</subfield>
  </datafield>
</record>
</collection>